| 000 | 008980000a22001930004500 | ||
|---|---|---|---|
| 041 | 0 | _aSPA | |
| 082 | 0 | 4 | _aG 173 W5821a |
| 100 | 1 | _aWhite, Elena G. de | |
| 245 | 1 | 0 | _aEl arte de hacer un hogar dichoso / Elena G. de White |
| 260 | _aCristóbal, Zona del Canal de Panamá : Pacific | ||
| 300 | _a94 Pag. | ||
| 505 | 0 | 0 | _ala piedra angular de la sociedad -- los fundadores del hogar -- elección y arreglo de la casa -- la madre- la reina del hogar -- el niño-la joya del hogar -- las influencias del hogar -- principios de salud e higiene -- la alimentación de la familia -- la carne como alimento -- extremos que deben evitarse -- estimulantes y narcóticos -- los remedios naturales -- lo celestial con lo humano |
| 650 | 1 | 4 | _aVIDA FAMILIAR |
| 001 | 1280 | ||
| 942 | _cBK | ||
| 999 |
_c32603 _d32603 |
||
| 336 |
_atexto _btxt _2rdacontent |
||
| 337 |
_2rdamedia _asin mediación _bn |
||
| 338 |
_2rdacarrier _avolumen _bnc |
||